LIBRARY & INFORMATION CENTRE, KCAET, TAVANUR

ONLINE PUBLIC ACCESS CATALOGUE (OPAC)

Development and testing of manual operated coconut milk extractors (Record no. 15014)

MARC details
000 -LEADER
fixed length control field 00450nam a22001457a 4500
003 - CONTROL NUMBER IDENTIFIER
control field OSt
088 ## - REPORT NUMBER
Report number P 312
100 ## - MAIN ENTRY--AUTHOR NAME
Personal name AJINAS BASHEER T
-- MIDHILA LEKSHMI S
-- NIDHIN J. K
245 ## - TITLE STATEMENT
Title Development and testing of manual operated coconut milk extractors
260 ## - PUBLICATION, DISTRIBUTION, ETC. (IMPRINT)
Place of publication Tavanur 2015
Name of publisher Kelappaji College of Agricultural Engineeirng and Technology
300 ## - PHYSICAL DESCRIPTION
Number of Pages 41
700 ## - ADDED ENTRY--PERSONAL NAME
Personal name Dr. Jayan P. R (Guide)
942 ## - ADDED ENTRY ELEMENTS (KOHA)
Koha item type Project Report

No items available.

free website counter